Vista normal Vista MARC

Entrada Topical Term

Número de registros utilizados en: 1

001 - CONTROL NUMBER

  • control field: 9951

003 - CONTROL NUMBER IDENTIFIER

  • control field: OSt

005 - DATE AND TIME OF LATEST TRANSACTION

  • control field: 20200908124737.0

008 - FIXED-LENGTH DATA ELEMENTS

  • fixed length control field: 200908|| aca||aabn | a|a d

040 ## - CATALOGING SOURCE

  • Original cataloging agency: OSt
  • Transcribing agency: OSt

150 ## - HEADING--TOPICAL TERM

  • Topical term or geographic name entry element: Competencias profesionales

670 ## - SOURCE DATA FOUND

  • Source citation: Work cat.: (OSt)6025: Ríos Ariza, José Manuel, autor 9950, Competencias, TIC e innovación : , 2011.